000 00505cam a22001694a 4500
005 20250605163704.0
008 250528s ||||||||||||||||||||||||d
035 _a24378
040 _aGR-AtMCL
_bgre
_dGR-AtMCL
_eAACR2
245 1 _aAramco World
260 _bAramco Services Company,
_c2016
300 _a48
520 _aA Is for Arab, Morocco's New Wave, The Gown that Steals Your Heart, Tasting Trinidad, Returning Treasures to the Kingdom.
942 _cCR
999 _c9266
_d9266